Ine - sono genryū e no michi : Chūgoku Kōnan kara Yoshinogari /

Saved in:
书目详细资料
企业作者: Higashi Ajia Bunka Kōryūshi Kenkyūkai.
其他作者: Kanaseki, Hiroshi, 1927-, Mori, Junʾichirō, 1943-, Naitō, Daisuke, 1928-, Sakai, Takayuki, 1931-, Kudomi, Masami, 1935-
格式: 图书
语言:Japanese
出版: Saga-shi : Higashi Ajia Bunka Kōryūshi Kenkyūkai, 1990.
主题:
标签: 添加标签
没有标签, 成为第一个标记此记录!
LEADER 01807nam a2200433 a 4500
001 007765748-9
005 20024617120653.0
008 930928s1990 ja ab 000 0 jpn d
020 |c Y2428 
035 0 |a ocm29035837 
040 |a CU  |c CU  |d MH-HY  |d CStRLIN 
043 |a a-cc---  |a a-ja--- 
050 1 4 |a SB191.R5  |b I56 1990x 
245 0 0 |6 880-01  |a Ine - sono genryū e no michi :  |b Chūgoku Kōnan kara Yoshinogari /  |c [kanshū Kanaseki Hiroshi, Mori Junʾichirō ; henshū Naitō Daisuke, Sakai Takayuki, Kudomi Masami]. 
246 3 0 |6 880-02  |a Ine 
260 |6 880-03  |a Saga-shi :  |b Higashi Ajia Bunka Kōryūshi Kenkyūkai,  |c 1990. 
300 |a 159 p. :  |b ill. (some col.), maps ;  |c 26 cm. 
500 |a Cover title. 
650 0 |a Rice  |z Japan. 
650 0 |a Yayoi culture. 
651 0 |a Japan  |x Civilization  |x Chinese influences. 
651 0 |a Yoshinogari Site (Kanzaki-machi, Saga-ken and Mitogawa-chō, Japan) 
700 1 |6 880-04  |a Kanaseki, Hiroshi,  |d 1927- 
700 1 |6 880-05  |a Mori, Junʾichirō,  |d 1943- 
700 1 |6 880-06  |a Naitō, Daisuke,  |d 1928- 
700 1 |6 880-07  |a Sakai, Takayuki,  |d 1931- 
700 1 |6 880-08  |a Kudomi, Masami,  |d 1935- 
710 2 |6 880-09  |a Higashi Ajia Bunka Kōryūshi Kenkyūkai. 
880 0 0 |6 245-01  |a 稲- その源流への道 :  |b 中国江南から吉野ケ里 /  |c [監修金関恕, 森醇一朗; 編集內藤大典, 坂井孝之, 久富正美]. 
880 3 0 |6 246-02  |a 稲 
880 |6 260-03  |a 佐賀市 :  |b 東アジア文化交流史研究会,  |c 1990. 
880 1 |6 700-04  |a 金関恕,  |d 1927- 
880 1 |6 700-05  |a 森醇一朗,  |d 1943- 
880 1 |6 700-06  |a 內藤大典,  |d 1928- 
880 1 |6 700-07  |a 坂井孝之,  |d 1931- 
880 1 |6 700-08  |a 久富正美,  |d 1935- 
880 2 |6 710-09  |a 東アジア文化交流史研究会. 
988 |a 20021217 
906 |0 OCLC